00630nam a2200193Ia 4500008004100000020000700041082001700048100001600065245004100081250000700122260006000129300002400189500001900213600003400232650001500266942000700281952013300288999001500421240925s9999 xx 000 0 und d aNA a621.3825 WOO aWood, James 0aSatellite Communication Pocket Book  aNA aNew Delhi:bNew Age International (Pvt) Limitedc,1994. a203p.bNAfOriginal aIncludes Index aTelecommunication Engineering aTechnology cBK 011440708ELaUITUbUITUd1998-04-24eRoyal Book Companyg1120.00l0o621.3825 WOOpQ1660r2024-09-25 07:12:30w2024-09-25yBK c4159d4159